Pakistan studies / (Record no. 130518)

MARC details
000 -LEADER
fixed length control field 00678nam a22002417a 4500
005 - DATE AND TIME OF LATEST TRANSACTION
control field 20170124110113.0
010 ## - LIBRARY OF CONGRESS CONTROL NUMBER
LC control number A-596650
020 ## - INTERNATIONAL STANDARD BOOK NUMBER
Terms of availability 00.00
035 ## - SYSTEM CONTROL NUMBER
System control number A-596650
037 ## - SOURCE OF ACQUISITION
Source of stock number/acquisition Cen Lib/Ret
040 ## - CATALOGING SOURCE
Original cataloging agency DPL
Language of cataloging EN
082 ## - DEWEY DECIMAL CLASSIFICATION NUMBER
Classification number 915.47
Item number AQA
100 ## - MAIN ENTRY--PERSONAL NAME
Personal name A Qayum Sher
9 (RLIN) 106133
245 ## - TITLE STATEMENT
Title Pakistan studies /
Statement of responsibility, etc by A Qayum Sher
250 ## - EDITION STATEMENT
Edition statement 2nd rev. ed
260 ## - PUBLICATION, DISTRIBUTION, ETC. (IMPRINT)
Place of publication, distribution, etc Lahore
Name of publisher, distributor, etc Book Traders
Date of publication, distribution, etc 1990
270 ## - ADDRESS
Address Main Chambers 3-Tample Road
City Lahore
300 ## - PHYSICAL DESCRIPTION
Extent x,330p.
Dimensions 20cm(Hb)
500 ## - GENERAL NOTE
General note Includes bibliographical reference and index
650 ## - SUBJECT ADDED ENTRY--TOPICAL TERM
Topical term or geographic name as entry element Geography
9 (RLIN) 106134
650 ## - SUBJECT ADDED ENTRY--TOPICAL TERM
Topical term or geographic name as entry element Pakistan-Studies
9 (RLIN) 29414
942 ## - ADDED ENTRY ELEMENTS (KOHA)
Source of classification or shelving scheme Dewey Decimal Classification
Koha item type English Books
Classification part 915.47
Call number suffix AQA
Holdings
Withdrawn status Lost status Damaged status Not for loan Home library Current library Date acquired Source of acquisition Cost, normal purchase price Total Checkouts Full call number Barcode Date last seen Copy number Cost, replacement price Price effective from Koha item type
        Central Library Central Library 09/07/2015 Cen Lib/Ret 0.00   915.47 AQA A-596650 09/07/2015 1 0.00 09/07/2015 English Books

© Delhi Public Library
Hit Counter
free hit counter